Environmental soil Science (Record no. 7699)

MARC details
000 -LEADER
fixed length control field 00521nam a22002057a 4500
003 - CONTROL NUMBER IDENTIFIER
control field OSt
005 - DATE AND TIME OF LATEST TRANSACTION
control field 20220217104053.0
008 - FIXED-LENGTH DATA ELEMENTS--GENERAL INFORMATION
fixed length control field 220217b ||||| |||| 00| 0 eng d
020 ## - INTERNATIONAL STANDARD BOOK NUMBER
International Standard Book Number 978-1-4200-7280-8
040 ## - CATALOGING SOURCE
Transcribing agency DDC
082 ## - DEWEY DECIMAL CLASSIFICATION NUMBER
Classification number 631.42 TAN 2009
100 ## - MAIN ENTRY--PERSONAL NAME
Personal name Tan,Kim H
9 (RLIN) 12903
245 ## - TITLE STATEMENT
Title Environmental soil Science
250 ## - EDITION STATEMENT
Edition statement 3rd ed.
260 ## - PUBLICATION, DISTRIBUTION, ETC. (IMPRINT)
Place of publication, distribution, etc. Newyork:
Name of publisher, distributor, etc. Taylor & Francis,
Date of publication, distribution, etc. C 2009
300 ## - PHYSICAL DESCRIPTION
Extent XXXV,557p.
Dimensions ; 25 cm
504 ## - BIBLIOGRAPHY, ETC. NOTE
Bibliography, etc references<br/>index
650 ## - SUBJECT ADDED ENTRY--TOPICAL TERM
Topical term or geographic name as entry element Soil science
9 (RLIN) 15310
942 ## - ADDED ENTRY ELEMENTS (KOHA)
Source of classification or shelving scheme Dewey Decimal Classification
Koha item type Book
Holdings
Withdrawn status Lost status Source of classification or shelving scheme Damaged status Not for loan Home library Current library Date acquired Source of acquisition Inventory number Total Checkouts Full call number Barcode Date last seen Price effective from Koha item type
    Dewey Decimal Classification     Faculty of Interdisciplinary Studies Library Faculty of Interdisciplinary Studies Library 17/02/2022 Purchase 17/4890   631.42 TAN 2009 2022-0193 17/02/2022 17/02/2022 Book
    Dewey Decimal Classification     Faculty of Interdisciplinary Studies Library Faculty of Interdisciplinary Studies Library 17/02/2022 Purchase 17/4889   631.42 TAN 2009 2022-0194 17/02/2022 17/02/2022 Book